Jeugdstrafrecht als jeugdbeschermingsrecht: [Symposium Jeugdstrafrecht]
| Corporate Author: | |
|---|---|
| Contributors: | |
| Format: | Print Book |
| Language: | Dutch |
| Published: |
Zwolle
Willink
1986
|
| In: |
Boekenreeks familie- en jeugdrecht (2)
Year: 1986 |
| Availability in Tübingen: | Present in Tübingen. UB: KB 8 E 1457 |
| Check availability: | HBZ Gateway |
| Subito Delivery Service: | Order now. |
| Keywords: |
MARC
| LEADER | 00000cam a2200000 c 4500 | ||
|---|---|---|---|
| 001 | 1084323737 | ||
| 003 | DE-627 | ||
| 005 | 20220514111501.0 | ||
| 007 | tu | ||
| 008 | 880715s1986 xx ||||| 00| ||dut c | ||
| 020 | |a 9027124531 |9 90-271-2453-1 | ||
| 035 | |a (DE-627)1084323737 | ||
| 035 | |a (DE-576)014323737 | ||
| 035 | |a (DE-599)BSZ014323737 | ||
| 035 | |a (OCoLC)15789716 | ||
| 040 | |a DE-627 |b ger |c DE-627 |e rakwb | ||
| 041 | |a dut | ||
| 245 | 0 | 0 | |a Jeugdstrafrecht als jeugdbeschermingsrecht |b [Symposium Jeugdstrafrecht] |c M. Rood-de Boer ... |
| 264 | 1 | |a Zwolle |b Willink |c 1986 | |
| 300 | |a X, 156 S. | ||
| 336 | |a Text |b txt |2 rdacontent | ||
| 337 | |a ohne Hilfsmittel zu benutzen |b n |2 rdamedia | ||
| 338 | |a Band |b nc |2 rdacarrier | ||
| 490 | 1 | |a Boekenreeks familie- en jeugdrecht |v 2 | |
| 583 | 1 | |a Archivierung prüfen |c 20200919 |f DE-640 |z 2 |2 pdager | |
| 655 | 7 | |a Konferenzschrift |0 (DE-588)1071861417 |0 (DE-627)826484824 |0 (DE-576)433375485 |2 gnd-content | |
| 700 | 1 | |a Rood- de Boer, Madzy |e Mitarb. |0 (DE-627)1234899817 |0 (DE-576)164899812 |4 oth | |
| 710 | 2 | |a Symposium Jeugdstrafrecht |g 1986 |0 (DE-588)812137-0 |0 (DE-627)709246684 |0 (DE-576)192929216 |4 oth | |
| 830 | 0 | |a Boekenreeks familie- en jeugdrecht |v 2 |9 2 |w (DE-627)1084323680 |w (DE-576)014323680 |7 am | |
| 951 | |a BO | ||
| ELC | |b 1 | ||
| LOK | |0 000 xxxxxcx a22 zn 4500 | ||
| LOK | |0 001 2108060340 | ||
| LOK | |0 003 DE-627 | ||
| LOK | |0 004 1084323737 | ||
| LOK | |0 005 20151030145506 | ||
| LOK | |0 008 880715||||||||||||||||ger||||||| | ||
| LOK | |0 040 |a DE-21 |c DE-627 |d DE-21 | ||
| LOK | |0 852 |a DE-21 | ||
| LOK | |0 852 1 |c KB 8 E 1457 |9 00 | ||
| LOK | |0 935 |a krim | ||
| LOK | |0 939 |a 15-07-88 |b l01 | ||
| ORI | |a SA-MARC-krimdoka001.raw | ||
| SIG | |a UB: KB 8 E 1457 | ||
